|
|
|
|
| LEADER |
03463nam a22004335i 4500 |
| 001 |
978-3-319-17238-5 |
| 003 |
DE-He213 |
| 005 |
20180227222153.0 |
| 007 |
cr nn 008mamaa |
| 008 |
150827s2016 gw | s |||| 0|eng d |
| 020 |
|
|
|a 9783319172385
|9 978-3-319-17238-5
|
| 024 |
7 |
|
|a 10.1007/978-3-319-17238-5
|2 doi
|
| 040 |
|
|
|d GrThAP
|
| 050 |
|
4 |
|a RD33.55-33.57
|
| 072 |
|
7 |
|a MMPH
|2 bicssc
|
| 072 |
|
7 |
|a MED080000
|2 bisacsh
|
| 082 |
0 |
4 |
|a 616.0757
|2 23
|
| 245 |
1 |
0 |
|a Demystifying Interventional Radiology
|h [electronic resource] :
|b A Guide for Medical Students /
|c edited by Sriharsha Athreya.
|
| 264 |
|
1 |
|a Cham :
|b Springer International Publishing :
|b Imprint: Springer,
|c 2016.
|
| 300 |
|
|
|a XI, 192 p. 47 illus., 14 illus. in color.
|b online resource.
|
| 336 |
|
|
|a text
|b txt
|2 rdacontent
|
| 337 |
|
|
|a computer
|b c
|2 rdamedia
|
| 338 |
|
|
|a online resource
|b cr
|2 rdacarrier
|
| 347 |
|
|
|a text file
|b PDF
|2 rda
|
| 505 |
0 |
|
|a Part I: Introduction -- Interventional Radiology - The Early Days and Innovation -- Basic X-ray Physics -- Principles of Radiation Safety in Interventional Radiology -- Common Equipment in Interventional Radiology: Imaging Modalities, Needles, Wires, Catheters (Angiographic, Drainage), Sheaths and Contrast -- Medications Used in Interventional Radiology -- Interventional Radiology Outpatient Clinics -- Part II: Techniques -- Biopsy and Drainage in Interventional Radiology -- Arterial and Venous Access -- Embolization Materials and Principles -- Image-guided Tumor Ablative Therapies -- Part III: Common Interventional Radiology Procedures -- Thoracic Interventional Radiology -- Gastrointestinal Interventions: Percutaneous Gastrostomy, Gastrojejunostomy, and Gastrointestinal Stenting -- Hepatobiliary and Pancreatic Interventions: Liver Biopsy, Biliary Interventions, and Transarterial Chemoembolization (TACE) -- Genitourinary Interventions: Kidney Biopsy, Percutaneous Nephrostomy Drains, Genitourinary Stenting, Suprapubic Catheterization, and Prostatic Artery Embolization -- Dialysis Access -- Interventional Radiology in Women's Health.-Musculoskeletal Intervention: Facet Joint Injections and Percutaneous Vertebral Augmentation -- Interventional Radiology and Interventional Oncology -- Peripheral Vascular Intervention.
|
| 520 |
|
|
|a This book is a concise introduction to the interventional radiology field and is designed to help medical students and residents understand the fundamental concepts related to image-guided interventional procedures and determine the appropriate use of imaging modalities in the treatment of various disorders. It covers the history of interventional radiology; radiation safety; equipment; medications; and techniques such as biopsy and drainage, vascular access, embolization, and tumor ablation. The book also describes the indications, patient preparation, post-procedure care, and complications for the most common interventional radiology procedures. .
|
| 650 |
|
0 |
|a Medicine.
|
| 650 |
|
0 |
|a Interventional radiology.
|
| 650 |
|
0 |
|a Vascular surgery.
|
| 650 |
1 |
4 |
|a Medicine & Public Health.
|
| 650 |
2 |
4 |
|a Interventional Radiology.
|
| 650 |
2 |
4 |
|a Vascular Surgery.
|
| 700 |
1 |
|
|a Athreya, Sriharsha.
|e editor.
|
| 710 |
2 |
|
|a SpringerLink (Online service)
|
| 773 |
0 |
|
|t Springer eBooks
|
| 776 |
0 |
8 |
|i Printed edition:
|z 9783319172378
|
| 856 |
4 |
0 |
|u http://dx.doi.org/10.1007/978-3-319-17238-5
|z Full Text via HEAL-Link
|
| 912 |
|
|
|a ZDB-2-SME
|
| 950 |
|
|
|a Medicine (Springer-11650)
|